| 000 | 00591 a2200169 4500 | ||
|---|---|---|---|
| 003 | NUST | ||
| 005 | 20230525182159.0 | ||
| 040 | _cNust | ||
| 082 | _a004.54,BOU | ||
| 100 |
_aBOU _9112641 |
||
| 245 |
_aNetrix #1-ISS Series 10 Technical Reference Guide / _cBOU |
||
| 260 |
_aUnited Kingdom _bNetrix Cor Ltd _c2000 |
||
| 300 | _aB-52 | ||
| 505 | _aOverview (Page-1), Network Management System Workstation (Page-2), Cabinet Models (Page-3), Bus Structure (Page-4), Common Equipment (Page-5), Inside the Connector Module (Page-6). | ||
| 610 |
_aNetrix _9112642 |
||
| 942 |
_2ddc _cBK _k004.54,BOU |
||
| 999 |
_c190773 _d190773 |
||